Normal view MARC view

Entry Topical Term

Number of records used in: 1

001 - CONTROL NUMBER

  • control field: 694

003 - CONTROL NUMBER IDENTIFIER

  • control field: OSt

005 - DATE AND TIME OF LATEST TRANSACTION

  • control field: 20110411115946.0

008 - FIXED-LENGTH DATA ELEMENTS

  • fixed length control field: 110411|||a|||||| | ||| d

040 ## - CATALOGING SOURCE

  • Original cataloging agency: OSt
  • Transcribing agency: OSt

150 ## - HEADING--TOPICAL TERM

  • Topical term or geographic name as entry element: Medical ethics.

670 ## - SOURCE DATA FOUND

  • Source citation: Work cat.: (OSt)0: Mason, J. K. (John Kenyon) 692, Mason & McCall Smith's law and medical ethics /, 2006.